[Event "Large Jubilee KO:  MT #2000"]
[Site "SchemingMind.com"]
[Date "2008.05.02"]
[Round "-"]
[White "reptile"]
[Black "Konan_Kaddosh"]
[Result "0-1"]
[WhiteCountry "ISR"]
[BlackCountry "ITA"]
[WhiteElo "1773"]
[WhiteRD "94"]
[BlackElo "2559"]
[BlackRD "66"]
[GameID "153154"]

1. e4 c5 2. Nf3 Nc6 3. d4 cxd4 4. Nxd4 e5 5. Nb5 d6 6. N1c3 a6 7. Na3 b5 8. Nd5 Nf6 9. Bg5 Be7 10. Bxf6 Bxf6
11. c3 Bg5 12. Nc2 O-O 13. a4 bxa4 14. Rxa4 a5 15. Bc4 Bd7 16. Ra2 a4 17. Na3 Na5 18. Bb5 Nb3 19. O-O Ra7 20. Bxd7 Qxd7
21. Nc2 f5 22. exf5 Nd2 23. Re1 Qxf5 24. Re2 Nb3 25. Nce3 Qf7 26. c4 Qg6 27. Qc2 Nd4
0-1

[Event "Large Jubilee KO:  MT #2000"]
[Site "SchemingMind.com"]
[Date "2008.05.02"]
[Round "-"]
[White "dtedesco"]
[Black "paddyBosnian"]
[Result "0-1"]
[WhiteCountry "CAN"]
[BlackCountry "BIH"]
[WhiteElo "1460"]
[WhiteRD "54"]
[BlackElo "2074"]
[BlackRD "97"]
[GameID "153155"]

1. e4 e5 2. Nf3 Nf6 3. Nxe5 d6 4. Nf3 Nxe4 5. d4 d5 6. Bd3 Be7 7. O-O O-O 8. Nc3 Nxc3 9. bxc3 Bg4 10. Bf4 c5
11. a4 Nc6 12. h3 Bh5 13. Rb1 b6 14. c4 dxc4 15. Bxc4 Nxd4 16. Bd3 Nxf3+ 17. gxf3 Bg5 18. c4 Bxf4 19. Bc2 Qc8 20. Qd3 Bg6
21. Qc3 Qxh3
0-1

[Event "Large Jubilee KO:  MT #2000"]
[Site "SchemingMind.com"]
[Date "2008.05.02"]
[Round "-"]
[White "Konan_Kaddosh"]
[Black "reptile"]
[Result "1-0"]
[WhiteCountry "ITA"]
[BlackCountry "ISR"]
[WhiteElo "2525"]
[WhiteRD "62"]
[BlackElo "1806"]
[BlackRD "85"]
[GameID "153168"]

1. d4 Nf6 2. c4 e6 3. Nf3 d5 4. Nc3 dxc4 5. e4 Bb4 6. Bg5 c5 7. Bxc4 cxd4 8. Nxd4 Bxc3+ 9. bxc3 Qa5 10. Bb5+ Bd7
11. Bxf6 gxf6 12. Qb3 O-O 13. O-O Bxb5 14. Nxb5 Nc6 15. Nd6 b6 16. Rad1 Qh5 17. Rd2 Rad8 18. h3 Ne5 19. c4 Kh8 20. Qc3 Qg6
21. f4 Nd7 22. Nb7
1-0

[Event "Large Jubilee KO:  MT #2000"]
[Site "SchemingMind.com"]
[Date "2008.05.03"]
[Round "-"]
[White "paddyBosnian"]
[Black "dtedesco"]
[Result "1-0"]
[WhiteCountry "BIH"]
[BlackCountry "CAN"]
[WhiteElo "2074"]
[WhiteRD "97"]
[BlackElo "1460"]
[BlackRD "54"]
[GameID "153169"]

1. e4 c5 2. Nf3 d6 3. Bb5+ Bd7 4. Nc3 Nc6 5. O-O Nf6 6. d4 g6 7. dxc5 dxc5 8. e5 Nxe5 9. Nxe5 Bxb5 10. Nxb5 e6
11. Bg5 Be7 12. Qf3 O-O 13. Rad1 Qb6 14. c4 a6 15. Bxf6 Bxf6 16. Nd7 Qc6 17. Nxf6+ Kg7 18. Qc3 Kh6 19. Ng4+ Kh5 20. Qh3+ Kg5
21. f4+ Kf5 22. Nd6+
1-0

[Event "Large Jubilee KO:  MT #2000"]
[Site "SchemingMind.com"]
[Date "2008.05.09"]
[Round "-"]
[White "29A"]
[Black "spoke"]
[Result "1-0"]
[WhiteCountry "CAN"]
[BlackCountry "GER"]
[WhiteElo "1873"]
[WhiteRD "76"]
[BlackElo "1808"]
[BlackRD "62"]
[GameID "153430"]

1. e4 e5 2. Nf3 Nc6 3. Bb5 Bb4 4. O-O Nge7 5. c3 Ba5 6. Bxc6 Nxc6 7. b4 Bb6 8. b5 Na5 9. Nxe5 d6 10. Nf3 O-O
11. d4 Bd7 12. a4 c6 13. Na3 Re8 14. Re1 a6 15. Rb1 cxb5 16. axb5 axb5 17. Nxb5 Bxb5 18. Rxb5 Nc4 19. Qb3 Qc7 20. Bf4 Ra3
21. Qb4 Rea8 22. Bxd6 Nxd6 23. Rxb6 R8a6 24. Rxa6 Rxa6 25. e5 Nc4 26. h3 h6 27. d5
1-0

[Event "Large Jubilee KO:  MT #2000"]
[Site "SchemingMind.com"]
[Date "2008.05.09"]
[Round "-"]
[White "spoke"]
[Black "29A"]
[Result "1-0"]
[WhiteCountry "GER"]
[BlackCountry "CAN"]
[WhiteElo "1872"]
[WhiteRD "66"]
[BlackElo "1866"]
[BlackRD "71"]
[GameID "153434"]

1. e4 c5 2. Nf3 d6 3. d4 cxd4 4. Nxd4 Nf6 5. Nc3 e6 6. Bb5+ Nbd7 7. O-O a6 8. Bd3 d5 9. exd5 exd5 10. Re1+ Be7
11. Nf5 Ng8 12. Nxd5
1-0

[Event "Large Jubilee KO:  MT #2000"]
[Site "SchemingMind.com"]
[Date "2008.07.03"]
[Round "-"]
[White "mmccaffe"]
[Black "Mekk"]
[Result "1/2-1/2"]
[WhiteCountry "USA"]
[BlackCountry "POL"]
[WhiteElo "1607"]
[WhiteRD "55"]
[BlackElo "1948"]
[BlackRD "69"]
[GameID "160999"]

1. c4 Nf6 2. Nc3 d5 3. d4 c6 4. e3 e6 5. Bd3 dxc4 6. Bxc4 b5 7. Be2 Bb7 8. Nf3 a6 9. O-O c5 10. dxc5 Qxd1
11. Rxd1 Bxc5 12. b3 Nc6 13. Bb2 Ke7 14. Rac1 Bb6 15. Ne1 Rhd8 16. Bf3 Rxd1 17. Rxd1 Rd8 18. Rxd8 Nxd8 19. Bxb7 Nxb7 20. Nd3 Nd6
21. h3 h5 22. Kf1 g6 23. Ne5 Nfe4 24. Nxe4 Nxe4 25. Ke2 a5 26. h4 a4 27. bxa4 bxa4 28. Nc6+=
1/2-1/2

[Event "Large Jubilee KO:  MT #2000"]
[Site "SchemingMind.com"]
[Date "2008.07.03"]
[Round "-"]
[White "Mekk"]
[Black "mmccaffe"]
[Result "1-0"]
[WhiteCountry "POL"]
[BlackCountry "USA"]
[WhiteElo "1948"]
[WhiteRD "69"]
[BlackElo "1607"]
[BlackRD "55"]
[GameID "161004"]

1. e4 c5 2. Nf3 d6 3. d4 cxd4 4. Nxd4 Nf6 5. Nc3 Nc6 6. Bb5 Bd7 7. O-O e6 8. Be3 Be7 9. Qd2 a6 10. Be2 Qc7
11. f4 Nxd4 12. Bxd4 Bc6 13. Bf3 b5 14. e5 Nd7 15. exd6 Bxd6 16. Bxc6 Qxc6 17. Rad1 Bc7 18. Bxg7 Rg8 19. Bd4 O-O-O 20. Qe2 h5
21. Qe4 Qc4 22. Qa8+ Bb8 23. Qxa6+
1-0

[Event "Large Jubilee KO:  MT #2000"]
[Site "SchemingMind.com"]
[Date "2008.08.14"]
[Round "-"]
[White "Ilang"]
[Black "Malfurion"]
[Result "1-0"]
[WhiteCountry "HUN"]
[BlackCountry "USA"]
[WhiteElo "2402"]
[WhiteRD "72"]
[BlackElo "2258"]
[BlackRD "80"]
[GameID "167292"]

1. e4 d5 2. exd5 Qxd5 3. Nc3 Qd6 4. d4 Nf6 5. Nf3 a6 6. Be2 Nc6 7. a3 Be6 8. Be3 g6 9. Qd2 O-O-O 10. O-O-O Qd7
11. Ng5 Bh6 12. h4 Nd5 13. Nce4 Nxe3 14. fxe3 Bxg5 15. Nxg5 Qd5 16. c4 Qxg2 17. Rdg1 Qf2 18. Rf1 Qg3 19. Qc3 Bf5 20. Nxf7 Rhf8
21. Nxd8 Rxd8 22. h5 e6 23. hxg6 hxg6 24. Bd1 Be4 25. Rhg1 Qh2 26. Bc2 Bf5 27. Rh1 Qg2 28. Qd2 Qg4 29. Rf4 Qg5 30. Qf2 Na5
31. Rg1 Qe7 32. e4 e5 33. Rf3 Bd7 34. Rf7 Qd6 35. d5 Nxc4 36. Rf6 Qe7 37. Qa7 Nb6 38. Rgxg6 Be8 39. Bd1 Bxg6 40. Bg4+ Rd7
41. Rxg6 Qf7 42. Bf5
1-0

[Event "Large Jubilee KO:  MT #2000"]
[Site "SchemingMind.com"]
[Date "2008.08.15"]
[Round "-"]
[White "Malfurion"]
[Black "Ilang"]
[Result "1-0"]
[WhiteCountry "USA"]
[BlackCountry "HUN"]
[WhiteElo "2289"]
[WhiteRD "88"]
[BlackElo "2390"]
[BlackRD "74"]
[GameID "167295"]

1. d4 d5 2. c4 c6 3. Nf3 Nf6 4. Nc3 a6 5. c5 Nbd7 6. Bf4 e6 7. h3 b6 8. cxb6 Qxb6 9. Qc2 Bb7 10. e3 c5
11. Bd3 Bd6 12. Bxd6 Qxd6 13. O-O O-O 14. Rac1 Rac8 15. Qa4 c4 16. Be2 a5 17. Qc2 Rb8 18. b3 cxb3 19. axb3 Ba6 20. Bxa6 Qxa6
21. Qa2 Rfc8 22. Rc2 Rc6 23. Rfc1 Rbc8 24. Ne2 Ne4 25. g3 Rxc2 26. Rxc2 Rxc2 27. Qxc2 h6 28. Nf4 Qb7 29. Kg2 Qb5= 30. Nd3 f6
31. h4 Qb7 32. h5 Nb8 33. Nf4 Kf7 34. Nd2 Qc6 35. Qa2 Nxd2 36. Qxd2 Qb6 37. Qc2 Qc6 38. Qg6+ Kg8 39. Qb1 Kf7 40. b4 axb4
41. Qxb4 Na6 42. Qa3 Nc7 43. Ng6 Qe8 44. Qd6 Nb5 45. Qc5 f5 46. Ne5+ Kg8 47. Nc6 Na3 48. Ne7+ Kf7 49. Nxf5 exf5 50. Qxa3 Qe4+
51. Kg1 Qe6 52. Qc5 Kg8 53. Qc7 Kh7 54. Qe5 Qd7 55. Kg2 Qf7 56. Qd6 Kg8 57. Qc6 Kh7 58. Qd6 Kg8 59. f3 Kh7 60. Qc6 Kh8
61. Qg6 Qd7 62. g4 fxg4 63. Qxg4 Qf7 64. e4 dxe4 65. fxe4 Qa2+ 66. Kh3 Qa3+ 67. Qg3 Qa1 68. Qb8+ Kh7 69. Qe5 Qh1+ 70. Kg3 Qg1+
71. Kf3 Qf1+ 72. Ke3 Qe1+ 73. Kd3 Qd1+ 74. Kc3 Qc1+ 75. Kb3 Qb1+ 76. Ka4 Qc2+ 77. Kb5 Qd3+ 78. Kb6 Qb3+ 79. Kc7 Qf7+ 80. Kd6 Qf8+
81. Kc6 Qc8+ 82. Kb5 Qb7+ 83. Kc4 Qc6+ 84. Kd3 Qa6+ 85. Ke3 Qa3+ 86. Kf4 Qc1+ 87. Kf5 Qc3 88. Kg4 Qc1 89. d5 Qd1+ 90. Kf4 Qf1+
91. Ke3 Qe1+ 92. Kd3 Qd1+ 93. Kc4 Qc2+ 94. Kb4 Qb1+ 95. Kc5 Qc1+ 96. Kb6 Qb1+ 97. Kc7 Qc2+ 98. Kd8 Qc5 99. Qf5+ Kg8 100. Qe6+
1-0

[Event "Large Jubilee KO:  MT #2000"]
[Site "SchemingMind.com"]
[Date "2008.08.18"]
[Round "-"]
[White "chesshub"]
[Black "Robert Pallett"]
[Result "1/2-1/2"]
[WhiteCountry "FRA"]
[BlackCountry "ENG"]
[WhiteElo "2467"]
[WhiteRD "64"]
[BlackElo "2306"]
[BlackRD "74"]
[GameID "167595"]

1. e4 c5 2. Nf3 Nc6 3. Bb5 g6 4. Bxc6 dxc6 5. d3 Bg7 6. h3 Nf6 7. Nc3 O-O 8. Be3 b6 9. Qd2 e5 10. Bh6 Qd6
11. O-O-O b5 12. Ne2 a5 13. Ng3 a4 14. Bxg7 Kxg7 15. Kb1 Re8 16. Qe3 Be6 17. Ne2 a3 18. b3 Rad8 19. g4 h6 20. Kc1 Nd7
21. Nh4 Qf8 22. Kb1 Kh7 23. g5 c4 24. Nf3 h5 25. d4 exd4 26. Nfxd4 Qh8 27. Nc3 b4 28. Nxe6 Rxe6 29. Na4 c5 30. f4 cxb3
31. cxb3 Qe8 32. e5 Rc6 33. Qd3 Qe6 34. Qd5 Qf5+ 35. Qd3 Qe6 36. Qd5 Qf5+ 37. Qd3=
1/2-1/2

[Event "Large Jubilee KO:  MT #2000"]
[Site "SchemingMind.com"]
[Date "2008.08.18"]
[Round "-"]
[White "Robert Pallett"]
[Black "chesshub"]
[Result "1/2-1/2"]
[WhiteCountry "ENG"]
[BlackCountry "FRA"]
[WhiteElo "2306"]
[WhiteRD "74"]
[BlackElo "2467"]
[BlackRD "64"]
[GameID "167600"]

1. e4 c5 2. Nf3 d6 3. d4 cxd4 4. Nxd4 Nf6 5. Nc3 a6 6. Be3 e6 7. f3 b5 8. Qd2 Nbd7 9. g4 Nb6 10. O-O-O Bb7
11. g5 Nfd7 12. a3 Rc8 13. h4 Ne5 14. h5 Nbc4 15. Qe1 Qa5 16. Rh3 Nxa3 17. f4 Nec4 18. Nb3 Qb4 19. Bd4 e5 20. Ba7 exf4
21. Bd4 h6 22. g6 fxg6 23. hxg6 Be7 24. Bxc4 Nxc4 25. Bxg7 Rg8 26. Bxh6 Ne3 27. Rd4 Rc4 28. Rxc4 bxc4 29. Nd2 Rxg6 30. Qh1 Ng2
31. Rh2 Nh4 32. Bxf4 Qc5 33. Ne2 Rg4 34. Qf1 d5 35. c3 dxe4 36. Nd4 Bd5 37. Be3 Qc7 38. Qe2 Rg3 39. Nc2 Ng6 40. Rh5 Be6
41. Rh6 Bf8=
1/2-1/2

[Event "Large Jubilee KO:  MT #2000"]
[Site "SchemingMind.com"]
[Date "2008.09.09"]
[Round "-"]
[White "Konan_Kaddosh"]
[Black "paddyBosnian"]
[Result "1-0"]
[WhiteCountry "ITA"]
[BlackCountry "BIH"]
[WhiteElo "2617"]
[WhiteRD "65"]
[BlackElo "2114"]
[BlackRD "98"]
[GameID "169821"]

1. d4 Nf6 2. Bg5 d5 3. Nf3 e6 4. c4 c5 5. cxd5 exd5 6. Nc3 Nc6 7. e3 Be7 8. dxc5 O-O 9. Bb5 a6 10. Bxc6 bxc6
11. Nd4 Bd7 12. Bxf6 Bxf6 13. O-O Rb8 14. Na4 Re8 15. Re1 Qe7 16. Nb6 Rxb6 17. cxb6 c5 18. Ne2 Bc6 19. Qd2 Qb7 20. Qa5 Be7
21. Rac1 Rb8 22. Red1 Qxb6 23. Qxb6 Rxb6 24. b3 g6 25. Nf4 c4 26. bxc4 dxc4 27. Rxc4 Bb5 28. Rc8+ Kg7 29. Nd5 Re6 30. Nc7 Rb6
31. Nxb5 Rxb5 32. Rc7 Ba3 33. g3
1-0

[Event "Large Jubilee KO:  MT #2000"]
[Site "SchemingMind.com"]
[Date "2008.09.09"]
[Round "-"]
[White "paddyBosnian"]
[Black "Konan_Kaddosh"]
[Result "0-1"]
[WhiteCountry "BIH"]
[BlackCountry "ITA"]
[WhiteElo "2114"]
[WhiteRD "98"]
[BlackElo "2617"]
[BlackRD "65"]
[GameID "169827"]

1. d4 Nf6 2. c4 e6 3. Nc3 Bb4 4. Qc2 O-O 5. Bg5 c5 6. e3 h6 7. Bxf6 Qxf6 8. Nf3 cxd4 9. exd4 Nc6 10. a3 Bxc3+
11. bxc3 d6 12. Bd3 e5 13. O-O exd4 14. Nxd4 Nxd4 15. cxd4 Qxd4 16. Rfd1 Qc5 17. Bh7+ Kh8 18. Rd5 Qc7 19. Be4 Be6 20. Rb5 Rab8
21. Rab1 b6 22. Bd5 Bd7 23. R5b2 Rbe8 24. a4 Re5 25. a5 Bf5 26. axb6 axb6 27. Qd2 Bxb1 28. Rxb1 Rfe8 29. h3 Re2 30. Qf4 Re1+
31. Rxe1 Rxe1+ 32. Kh2 Qe7 33. Qg4 b5 34. Qc8+ Kh7
0-1

[Event "Large Jubilee KO:  MT #2000"]
[Site "SchemingMind.com"]
[Date "2008.10.28"]
[Round "-"]
[White "chesshub"]
[Black "Mekk"]
[Result "1-0"]
[WhiteCountry "FRA"]
[BlackCountry "POL"]
[WhiteElo "2447"]
[WhiteRD "63"]
[BlackElo "1956"]
[BlackRD "78"]
[GameID "176056"]

1. e4 e6 2. d4 d5 3. Nd2 Nf6 4. e5 Nfd7 5. c3 c5 6. Bd3 Nc6 7. Ne2 a6 8. O-O b5 9. Nf3 Be7 10. Be3 Bb7
11. Qb1 f5 12. exf6 Nxf6 13. Nf4 Qd7 14. Ng5 Nd8 15. Bxh7 Rxh7 16. Qg6+ Nf7 17. Qxf7+ Kd8 18. Nfxe6+
1-0

[Event "Large Jubilee KO:  MT #2000"]
[Site "SchemingMind.com"]
[Date "2008.10.28"]
[Round "-"]
[White "Mekk"]
[Black "chesshub"]
[Result "0-1"]
[WhiteCountry "POL"]
[BlackCountry "FRA"]
[WhiteElo "1935"]
[WhiteRD "79"]
[BlackElo "2442"]
[BlackRD "67"]
[GameID "176065"]

1. e4 e5 2. Nf3 Nc6 3. Bb5 a6 4. Ba4 Nf6 5. O-O Be7 6. Re1 b5 7. Bb3 d6 8. a4 Bg4 9. axb5 axb5 10. Rxa8 Qxa8
11. c3 O-O 12. d3 b4 13. Be3 Rb8 14. Nbd2 bxc3 15. bxc3 Qa3 16. Qa1 Rxb3 17. Nxb3 Qxb3 18. Qa8+ Nd8 19. Rc1 h6 20. h3 Bxf3
21. gxf3 Kh7 22. Kg2 Nh5 23. Qc8 Ne6 24. d4 Qb2 25. d5 Bg5 26. Bxg5 hxg5 27. dxe6 Nf4+ 28. Kg3 Qxc1 29. Kg4 Kg6
0-1

[Event "Large Jubilee KO:  MT #2000"]
[Site "SchemingMind.com"]
[Date "2009.01.17"]
[Round "-"]
[White "Konan_Kaddosh"]
[Black "chesshub"]
[Result "1-0"]
[WhiteCountry "ITA"]
[BlackCountry "FRA"]
[WhiteElo "2618"]
[WhiteRD "66"]
[BlackElo "2459"]
[BlackRD "72"]
[GameID "188018"]

1. e4 e5 2. Nf3 Nc6 3. Bb5 a6 4. Ba4 Nf6 5. O-O Be7 6. Re1 b5 7. Bb3 d6 8. c3 O-O 9. h3 Nb8 10. d4 Nbd7
11. Nbd2 Bb7 12. Bc2 Re8 13. a4 Bf8 14. Bd3 c6 15. Nf1 d5 16. Nxe5 dxe4 17. Nxd7 Qxd7 18. Bc2 h6 19. Ng3 c5 20. dxc5 Qxd1
21. Rxd1 Bxc5 22. Be3 Bxe3 23. fxe3 Re5 24. axb5 Rxb5 25. b3 a5 26. c4 Re5 27. Rd6 Rc8 28. Ne2 Rc6 29. Rd8+ Kh7 30. Nd4 Rcc5
31. Bd1 Bc8 32. Be2 Rg5 33. Kh2 h5 34. Rf1 Kg6 35. Rd6 Rge5 36. Nb5 Kh7 37. Ra1 h4 38. Rxa5 Rg5 39. b4 Rcf5 40. Na7 Rg3
41. Rxf5 Bxf5 42. Nb5 Rxe3 43. Nd4 Ne8 44. Rc6 Bd7 45. Rc5 Ra3 46. b5 Ra8 47. Re5 Nf6 48. b6 Rb8 49. c5 Ba4 50. Bg4 Kg8
51. Re7 Nd5 52. Ra7 Be8 53. b7 Nc7 54. Bf5 e3 55. Be4 g5 56. Ra8
1-0

[Event "Large Jubilee KO:  MT #2000"]
[Site "SchemingMind.com"]
[Date "2009.01.17"]
[Round "-"]
[White "chesshub"]
[Black "Konan_Kaddosh"]
[Result "1/2-1/2"]
[WhiteCountry "FRA"]
[BlackCountry "ITA"]
[WhiteElo "2458"]
[WhiteRD "73"]
[BlackElo "2607"]
[BlackRD "67"]
[GameID "188020"]

1. d4 Nf6 2. c4 e6 3. Nf3 b6 4. g3 Ba6 5. b3 Bb4+ 6. Bd2 Be7 7. Bg2 c6 8. Bc3 d5 9. Nbd2 Nbd7 10. Qc2 c5
11. dxc5 bxc5 12. e3 O-O 13. O-O Qb6 14. Rfe1 Rfe8 15. a3 Rad8 16. Rac1 h6 17. Red1 Rc8 18. Bh3 Rb8 19. Re1 dxc4 20. bxc4 Qc7
21. e4 Nh7 22. Rb1 Bb7 23. Bg2 Red8 24. e5 Nb6 25. h4 Nf8 26. Ba5 Bc6 27. Nh2 Bxg2 28. Kxg2 Ng6 29. Nhf3 Bf8 30. h5 Ne7
31. Rb5 Nc6 32. Qe4 Nd4 33. Rb2 Qc8 34. Bc3 Nc6 35. Reb1 Rb7 36. Qg4 Rbd7 37. Ne4 Rd3 38. Rb5 Qa8 39. Kg1 Rd1+ 40. Kh2 Rxb1
41. Rxb1 Nxc4 42. Nf6+ Kh8 43. Qxc4 gxf6 44. exf6 Nd4 45. Nxd4 cxd4 46. Ba5 Rc8 47. Qe2 Qd5 48. Bd2 d3 49. Qd1 Rd8 50. Be3 Qf5
51. Kg2 a5 52. Rb3 a4 53. Rb1 Qe4+ 54. Kg1 Bc5 55. Bxc5 d2 56. Ra1 Qe5 57. Be7 Qxa1 58. Qxa1 d1=Q+ 59. Qxd1 Rxd1+ 60. Kg2 Rd3
61. f4 Kg8 62. g4 Rc3=
1/2-1/2

[Event "Large Jubilee KO:  MT #2000"]
[Site "SchemingMind.com"]
[Date "2009.05.09"]
[Round "-"]
[White "Konan_Kaddosh"]
[Black "Ilang"]
[Result "1-0"]
[WhiteCountry "ITA"]
[BlackCountry "HUN"]
[WhiteElo "2607"]
[WhiteRD "67"]
[BlackElo "2387"]
[BlackRD "82"]
[GameID "203923"]

1. e4 c6 2. d4 d5 3. e5 Bf5 4. Nf3 h6 5. Nh4 Bh7 6. e6 Nf6 7. Bd3 Qd6 8. exf7+ Kxf7 9. O-O e5 10. dxe5 Qxe5
11. Nf3 Qc7 12. Bxh7 Rxh7 13. c4 dxc4 14. Qc2 b5 15. b3 Nbd7 16. bxc4 b4 17. Re1 Bc5 18. Bb2 Qb6 19. Re2 Rhh8 20. Bxf6 Nxf6
21. Ne5+ Kg8 22. Nd2 Bd4 23. Rae1 Bxe5 24. Rxe5 c5 25. Nb3 h5 26. Nxc5 Rh6 27. h3 Qd6 28. Ne6
1-0